| 000 | 00801nam a2200229 a 4500 | ||
|---|---|---|---|
| 008 | |||
| 049 | _aMAIN | ||
| 090 |
_aT173.6 _bPRO |
||
| 245 | 1 | 0 |
_aProceedings from the first International Conference on Appropriate Technology held from 15-17 July 2004 in Bulawayo, Zimbabwe / _chosted by NUST ;edited by S. Mhlanga, J. Trimble. |
| 260 |
_aBulawayo : _bNUST, _c2004. |
||
| 300 |
_aiv,163 p. : _bill. ; _c30 cm. |
||
| 504 | _aIncludes bibliographical references. | ||
| 650 | _aTechnological Innovation. | ||
| 700 | _aTrimble, J. | ||
| 700 | _aMhlanga, S. | ||
| 700 | _aNational University of Science and Technology. | ||
| 907 |
_a.b10154905 _b08-04-15 _c25-02-05 |
||
| 003 | |||
| 005 | 20230123122138.0 | ||
| 040 | _cNUST | ||
| 942 |
_cBOOKS _kT173.6 _mPRO |
||
| 999 |
_c128588 _d128588 |
||